LEADER 01467nam a2200325 u 4500 001 000000045662 003 CaOOAMICUS 005 20070226114704.0 008 990611s1985 it u000 u ita u 020 $a8831100688 035 $a10826403 040 $aPUL(R)$bita$dPUL(R) 041 1 $aita$hfre 100 1 $aLévinas, Emmanuel,$d1906-1995.$0(OLS)http://pul/name/11641 240 10$aDu Sacré au Saint : cinq nouvelles lectures talmudiques.$lItaliano.$0(OLS)http://pul/title/61564 245 10$aDal sacro al santo :$bcinque nuove letture talmudiche /$cEmmanuel Lévinas ; introduzione di Sofia Cavalletti ; traduzione di Ornella Maria Nobile Ventura. 260 $aRoma :$bCittà Nuova,$cc1985. 300 $a164 p. ;$c19 cm 490 1 $aIdee ;$v68 500 $aInclude indici. 500 $aLa coperta reca: La tradizione talmudica nella rilettura dell'ebraismo postcristiano. 630 04$aTalmud$xStudio.$0(OLS)http://pul/subject/19603 830 0$aIdee ;$v68.$0(OLS)http://pul/title/622 850 $aPUL 852 $aPUL$W1$xSL Filosofia 2$y80$mPhil A15 68$j61320$nBK-PRI$b $qStampati altre collocazioni$B61320$CPULBib$Z2$F61320 $H $81 941 1 $a10 961 $aINV: 57516 996 $6020$a8831100688$9(OLS)http://pul/number/56939 996 $6245$aDal sacro al santo :$bcinque nuove letture talmudiche$9(OLS)http://pul/title/61565 996 $6260$aRoma :$bCittà Nuova$9(OLS)http://pul/publisher/47927 LEADER 01571nam a2200361 a 4500 001 000000124582 003 CaOOAMICUS 005 20110404122749.0 008 110308s1998 it f u000 udita r 020 $a88-16-40480-9 040 $aPUL$bita 041 1 $aita$hfre 082 04$a271 100 1 $aPernoud, Régine,$d1909-1998.$0(OLS)http://pul/name/13015 240 10$aSpiritualité de Jeanne d'Arc.$lItaliano.$0(OLS)http://pul/title/157052 245 13$aLa spiritualità di Giovanna d'Arco /$cRégine Pernoud ; presentazione di Inos Biffi. 260 $aMilano :$bJaca Book,$c©1998. 300 $axiv, 103 p. :$btav. cronolog. ;$c23 cm 490 1 $aDi fronte e attraverso ;$v480 490 1 $aBiblioteca di cultura medievale 504 $aContiene riferimenti bibliografici ed indice. 600 04$aJohanna Arcensis,$cs.,$d1412-1432.$0(OLS)http://pul/subject/13405 700 1 $aBiffi, Inos,$csac.,$d1934-$0(OLS)http://pul/name/1663 830 0$aBiblioteca di cultura medievale.$0(OLS)http://pul/title/2253 830 0$aDi fronte e attraverso ;$v480.$0(OLS)http://pul/title/138 850 $aPUL 852 $aPUL$W1$xSL Religione 3$y85$m271 COLL 1.480$j143465$qDDC 21$B142494$CPULBib$Z2$F142494 $H115463 $82 941 1 $a9 996 $6020$a88-16-40480-9$9(OLS)http://pul/number/146594 996 $6082$a271$9(OLS)http://pul/classification/284 996 $6245$aLa spiritualità di Giovanna d'Arco$9(OLS)http://pul/title/157053 996 $6260$aMilano :$bJaca Book$9(OLS)http://pul/publisher/47900